| 000 | 01095nam0a22002531 4500 | ||
|---|---|---|---|
| 001 | rc\2816015 | ||
| 005 | 20250806211200.0 | ||
| 035 | _a(NLR Aleph) 006941749 | ||
| 090 |
_a40167 _c40167 |
||
| 100 | _a20110915d1945 u y0rusy50 ca | ||
| 101 | 0 | _arus | |
| 102 | _aRU | ||
| 105 | _aac z |||h| | ||
| 200 | 1 |
_aК. А. Тимирязев и физиология растений _e(Речь, читан. 3-го июня 1943 г. на Общегор. торжеств. заседании в г. Горьком, посвящ. 100-летней годовщине со дня рождения К. А. Тимирязева) _fС. С. Станков |
|
| 210 |
_a[Горький] _cГорьк. обл. изд-во _d1945 _g[тип.] Полиграф |
||
| 215 |
_a24 с. _cил., портр. _d20 см. |
||
| 700 | 1 |
_aСтанков _bС.С. _f1892-1962 _gСергей Сергеевич |
|
| 801 | 0 |
_aRU _bNLR _gpsbo |
|
| 801 | 1 |
_aRU _bELAR _2rusmarc |
|
| 852 |
_aNLR _jБт02 Г-4/52 |
||
| 942 | _cBOOK | ||
| 945 | _aРоссийская национальная библиотека | ||
| 980 | _aNB | ||
| 980 | _aBV | ||